| 000 -LEADER |
| fixed length control field |
00589nam a22001337a 4500 |
| 082 ## - DEWEY DECIMAL CLASSIFICATION NUMBER |
| Classification number |
B3x54 M294r |
| 245 ## - TITLE STATEMENT |
| Title |
Role of digital technologies in governance: |
| Remainder of title |
proceedings of the sixty-second annual conference of the members of IIPA, held on October 27, 2018 |
| Statement of responsibility, etc |
edited by Charru Malhotra |
| 260 ## - PUBLICATION, DISTRIBUTION, ETC. (IMPRINT) |
| Place of publication, distribution, etc |
New Delhi |
| Name of publisher, distributor, etc |
Indian Institute of Public Administration |
| Date of publication, distribution, etc |
2018 |
| 300 ## - PHYSICAL DESCRIPTION |
| Extent |
78p. |
| 650 ## - SUBJECT ADDED ENTRY--TOPICAL TERM |
| Topical term or geographic name as entry element |
Information technology --Government policy |
| 9 (RLIN) |
16204 |
| 650 ## - SUBJECT ADDED ENTRY--TOPICAL TERM |
| Topical term or geographic name as entry element |
Information technology --Political aspects |
| 9 (RLIN) |
16205 |
| 650 ## - SUBJECT ADDED ENTRY--TOPICAL TERM |
| Topical term or geographic name as entry element |
Information society |
| 9 (RLIN) |
16206 |
| 700 ## - ADDED ENTRY--PERSONAL NAME |
| Personal name |
Malhotra, Charru, ed. |
| 9 (RLIN) |
15826 |